Statistiken für Meistverkaufte Nintendo Switch Spiele

Klicken Sie hier um das Quiz zu spielen!

Allgemein

  • Dieses Quiz wurde 253 mal gespielt
  • Das Durchschnittsergebnis liegt bei 5 aus 10

Antwortstatistiken

VerkäufeAntwortVeröffentlichung% Korrekt
52 MioMario Kart 8 Deluxe27. April 2017
90%
41,59 MioAnimal Crossing: New Horizons20. März 2020
72%
29 MioThe Legend of Zelda: Breath of the Wild3. März 2017
64%
25,68 MioPokemon Schwert und Schild15. November 2019
56%
25,12 MioSuper Mario Odyssey27. Oktober 2017
56%
18,79 MioSuper Mario Party5. Oktober 2018
55%
30,44 MioSuper Smash Bros. Ultimate7. Dezember 2018
47%
20,61 MioPokemon Karmesin und Purpur18. November 2022
33%
15,07 MioPokemon: Let's Go, Pikachu und Evoli16. November 2018
17%
15,22 MioRing Fit Adventure18. Oktober 2019
11%

Verteilung der Resultate

Perzentil nach korrekt beantworteten Fragen

Anzahl Personen mit jedem Resultat

Ihre Resultats-Entwicklung

Sie haben dieses Quiz noch nicht gespielt